| 000 | 00338nam a22001217a 4500 | ||
|---|---|---|---|
| 999 |
_c15387 _d15387 |
||
| 020 | _a9788121925969 | ||
| 082 |
_a512.896 _bNAR/MA |
||
| 100 |
_aNarayan, Shanti _aMittal, P.K _93067 |
||
| 245 | _aA textbook of matrices (for B.Sc. and B.A students) | ||
| 260 |
_aNew Delhi _bS. Chand and company Limited _c2017 |
||
| 300 | _a309 | ||
| 942 | _cBBS | ||